000 00445nam a2200181Ia 4500
001 18417
005 20260306171629.0
008 260306s9999||||xx |||||||||||||| ||und||
041 _aESP
082 _a658.4038011
_bO99
100 _aOz, Effy
_eAUT
245 0 _aAdministración de los sistemas de información
260 _c2008
300 _axxxi, 527 páginas :
_c27 cm.
650 _aGEN
654 _aCAN
942 _cLIB
_dJUS
_fJUS
_2ddc
_n
999 _c18417
_d18417